Cánh cung đỏ : Tiểu thuyết

में बचाया:
ग्रंथसूची विवरण
मुख्य लेखक: Hà, Lâm Kỳ
स्वरूप: पुस्तक
भाषा:Undetermined
प्रकाशित: Hà Nội Hội nhà văn 2018
विषय:
टैग : टैग जोड़ें
कोई टैग नहीं, इस रिकॉर्ड को टैग करने वाले पहले व्यक्ति बनें!
Thư viện lưu trữ: Trung tâm Học liệu Trường Đại học Cần Thơ
LEADER 00544nam a2200193Ia 4500
001 CTU_232878
008 210402s9999 xx 000 0 und d
082 |a 895.9223 
082 |b K600 
100 |a Hà, Lâm Kỳ 
245 0 |a Cánh cung đỏ : 
245 0 |b Tiểu thuyết 
245 0 |c Hà Lâm Kỳ 
260 |a Hà Nội 
260 |b Hội nhà văn 
260 |c 2018 
650 |a Tiểu thuyết Việt Nam,Vietnamese fiction 
910 |b nthai 
980 |a Trung tâm Học liệu Trường Đại học Cần Thơ